<?xml version="1.0" encoding="UTF-8"?>
<record
    xmlns:xsi="http://www.w3.org/2001/XMLSchema-instance"
    xsi:schemaLocation="http://www.loc.gov/MARC21/slim http://www.loc.gov/standards/marcxml/schema/MARC21slim.xsd"
    xmlns="http://www.loc.gov/MARC21/slim">

  <leader>01524    a2200193   4500</leader>
  <controlfield tag="001">48774</controlfield>
  <controlfield tag="005">20260407155753.0</controlfield>
  <controlfield tag="008">260407a1980    arg                 spa d</controlfield>
  <controlfield tag="003">AR-UNSa-BCEJYS</controlfield>
  <datafield tag="040" ind1=" " ind2=" ">
    <subfield code="a">AR-UNSa-BCEJYS</subfield>
    <subfield code="b">spa</subfield>
    <subfield code="c">AR-UNSa-BCEJYS</subfield>
  </datafield>
  <datafield tag="080" ind1=" " ind2=" ">
    <subfield code="a">51-7</subfield>
    <subfield code="x">Estudios y m&#xE9;todos matem&#xE1;ticos en otros campos del conocimiento. Matem&#xE1;ticas cient&#xED;ficas. Matem&#xE1;ticas actuariales (Matem&#xE1;ticas Financieras)</subfield>
  </datafield>
  <datafield tag="245" ind1="1" ind2="0">
    <subfield code="a">Tablas de equivalencias en sistemas de amortizaci&#xF3;n</subfield>
  </datafield>
  <datafield tag="264" ind1=" " ind2="1">
    <subfield code="a">Buenos Aires :</subfield>
    <subfield code="b">Ediciones Macchi</subfield>
    <subfield code="c">1980</subfield>
  </datafield>
  <datafield tag="300" ind1=" " ind2=" ">
    <subfield code="a">242 p.</subfield>
    <subfield code="c">22 cm.</subfield>
  </datafield>
  <datafield tag="505" ind1=" " ind2=" ">
    <subfield code="a">Tabla I: Cuotas de pago, tasas mensuales, nominales y efectivas anuales de inter&#xE9;s equivalentes, en operaciones de pr&#xE9;stamos calculadas mediante tasas directas mensuales, del 0,10% al 10%, variando los valores intermedios con intervalos de 0,10% y plazos de pago de: 1 a 25, 30, 36, 40, 48, 50, 60, 70, 72, 80, 84, 90, 96, 100, 108, 120, 144, 180, 200, 220, y 240 per&#xED;odos.
Tabla II: Cuotas de pago, tasas directas mensuales, tasas mensuales y efectivas anuales de inter&#xE9;s equivalentes, en operaciones de pr&#xE9;stamos calculadas mediante el sistema franc&#xE9;s de amortizaci&#xF3;n, para tasas nominales anuales de inter&#xE9;s con capitalizaci&#xF3;n mensual, del 0,50% al 120% variando los valores intermedios con intervalos del 0,50% y plazos de pago de: 1 a 25, 30, 36, 40, 48, 50, 60, 70, 72, 80, 84, 90, 96, 100, 108, 120, 144, 180, 200, 220, y 240 per&#xED;odos.</subfield>
  </datafield>
  <datafield tag="942" ind1=" " ind2=" ">
    <subfield code="c">BK</subfield>
  </datafield>
  <datafield tag="590" ind1=" " ind2=" ">
    <subfield code="a">niveau_biblio:m niveau_hierar:0</subfield>
  </datafield>
  <datafield tag="100" ind1="1" ind2=" ">
    <subfield code="a">Groll, Simon A.</subfield>
  </datafield>
  <datafield tag="999" ind1=" " ind2=" ">
    <subfield code="c">4711</subfield>
    <subfield code="d">4711</subfield>
  </datafield>
  <datafield tag="952" ind1=" " ind2=" ">
    <subfield code="0">0</subfield>
    <subfield code="1">0</subfield>
    <subfield code="4">0</subfield>
    <subfield code="7">0</subfield>
    <subfield code="a">BCEJYS</subfield>
    <subfield code="b">BCEJYS</subfield>
    <subfield code="c">16</subfield>
    <subfield code="d">2026-04-07</subfield>
    <subfield code="l">0</subfield>
    <subfield code="o">51-7 G875t</subfield>
    <subfield code="p">L35850</subfield>
    <subfield code="r">2026-04-07 15:57:53</subfield>
    <subfield code="w">2026-04-07</subfield>
    <subfield code="y">L</subfield>
  </datafield>
  <datafield tag="952" ind1=" " ind2=" ">
    <subfield code="0">0</subfield>
    <subfield code="1">0</subfield>
    <subfield code="4">0</subfield>
    <subfield code="7">0</subfield>
    <subfield code="a">BCEJYS</subfield>
    <subfield code="b">BCEJYS</subfield>
    <subfield code="c">16</subfield>
    <subfield code="d">2026-04-07</subfield>
    <subfield code="l">0</subfield>
    <subfield code="o">51-7 G875t</subfield>
    <subfield code="p">L35851</subfield>
    <subfield code="r">2026-04-07 15:57:53</subfield>
    <subfield code="w">2026-04-07</subfield>
    <subfield code="y">L</subfield>
  </datafield>
</record>
